000
00238nam a2200109Ia 4500
008
190216s9999||||xx |||||||||||||| ||und||
100
_a
Gupta
245
0
_a
Financial Accounting
260
_b
S Chand & Co
650
_a
Commerce
942
_c
BK
999
_c
4434
_d
4434